Reliez ces pays à leurs nombres de coupes du monde. - Statistiques

Statistiques générales
  • Ce quiz a été pris 2 315 fois
    2 220 depuis la dernière actualisation
  • Le résultat moyen est 9 sur 11
Statistiques - réponses
Hint Réponse % Correct
Pologne 0
93%
France 2
93%
Brésil 5
92%
Etats-Unis 0
90%
Angleterre 1
76%
Argentine 3
76%
URSS 0
75%
Uruguay 2
75%
Allemagne 4
74%
Espagne 1
72%
Italie 4
71%
Aucun quiz correspondant
Distribution des résultats
% des personnes avec chaque résultat
Percentile par nombre de réponses
Votre historique - résultats
Vous n’avez pas pris ce quiz depuis la dernière actualisation